[Event "Titled Tuesday intern op 17th Nov"]
[Site "Chess.com INT"]
[Date "2020.11.17"]
[Round "11"]
[White "Peng, David T"]
[Black "Obgolts, Erik"]
[Result "0-1"]
[WhiteElo "2287"]
[BlackElo "2371"]
[PlyCount "163"]
[EventDate "2020.11.17"]
[EventType "swiss (blitz)"]
[EventRounds "11"]
[EventCountry "USA"]
[SourceTitle "CBM 199 Extra"]
[Source "ChessBase"]
[SourceDate "2021.01.31"]
[SourceVersion "1"]
[SourceVersionDate "2021.01.31"]
[SourceQuality "1"]

1. e4 g6 2. d4 Bg7 3. Nc3 c6 4. Nf3 d6 5. Be2 Nf6 6. 0-0 0-0 7. Re1 Nbd7 8. h3 e5 9. Be3 Qc7 10. Qd2 exd4 11. Bxd4 Ne5 12. Rad1 Nxf3+ 13. Bxf3 Be6 14. e5 dxe5 15. Bxe5 Qa5 16. Qf4 Ne8 17. Bxg7 Kxg7 18. Ne4 Qf5 19. Qxf5 Bxf5 20. g4 Bxe4 21. Rxe4 Nf6 22. Re7 Rab8 23. g5 Ng8 24. Rc7 Rfc8 25. Rdd7 Rxc7 26. Rxc7 Kf8 27. b4 a6 28. a4 Ne7 29. c4 Ke8 30. b5 cxb5 31. cxb5 axb5 32. axb5 b6 33. Bg4 Kf8 34. Bf3 Rd8 35. Rb7 Rd6 36. Rb8+ Kg7 37. Rb7 Re6 38. Bg4 Re1+ 39. Kh2 Nd5 40. Bf3 Re5 41. Bxd5 Rxd5 42. Rxb6 Rxg5 43. f4 Rc5 44. Rb8 Rc3 45. b6 Rb3 46. b7 h5 47. Kg2 Kf6 48. Kh2 Kf5 49. Rc8 Rxb7 50. Rc4 h4 51. Kg2 Rb3 52. Rc7 f6 53. Rc6 Rg3+ 54. Kh2 Re3 55. Kg2 Re4 56. Rc5+ Kxf4 57. Rc6 Kg5 58. Rc5+ Re5 59. Rc8 f5 60. Rh8 Re3 61. Ra8 Rg3+ 62. Kh2 Re3 63. Ra4 Re4 64. Ra8 Kf4 65. Rh8 g5 66. Ra8 Re2+ 67. Kg1 Kf3 68. Ra3+ Re3 69. Ra2 g4 70. hxg4 fxg4 71. Rf2+ Kg3 72. Rg2+ Kf4 73. Rf2+ Rf3 74. Rh2 h3 75. Ra2 Kg3 76. Rg2+ Kh4 77. Ra2 Re3 78. Rb2 Re1+ 79. Kf2 h2 80. Rb8 h1Q 81. Rh8+ Kg5 82. Rxh1 0-1

[Event "Titled Tuesday intern op 10th Nov"]
[Site "Chess.com INT"]
[Date "2020.11.10"]
[Round "6"]
[White "Fominykh, Maria"]
[Black "Peng, David T"]
[Result "0-1"]
[WhiteElo "2206"]
[BlackElo "2287"]
[PlyCount "76"]
[EventDate "2020.11.10"]
[EventType "swiss (blitz)"]
[EventRounds "11"]
[EventCountry "USA"]
[SourceTitle "CBM 199 Extra"]
[Source "ChessBase"]
[SourceDate "2021.01.31"]
[SourceVersion "1"]
[SourceVersionDate "2021.01.31"]
[SourceQuality "1"]

1. d4 Nf6 2. c4 e6 3. g3 Bb4+ 4. Bd2 a5 5. Bg2 0-0 6. a3 Bxd2+ 7. Qxd2 d5 8. Nc3 b6 9. cxd5 exd5 10. Nf3 c6 11. Ne5 Nfd7 12. Nd3 Na6 13. 0-0 Nc7 14. b4 Ba6 15. bxa5 Bxd3 16. Qxd3 Rxa5 17. Rfc1 Qa8 18. e4 Rxa3 19. Rxa3 Qxa3 20. Qc2 Ne6 21. Qd1 dxe4 22. Bxe4 Qd6 23. d5 cxd5 24. Nxd5 Rd8 25. Qh5 g6 26. Qh4 Re8 27. Rc6 Qe5 28. Nxb6 Nxb6 29. Rxb6 Ng5 30. Bc6 Re6 31. Kg2 Rxc6 32. Rxc6 Qd5+ 33. Kf1 Qd3+ 34. Kg2 Qf3+ 35. Kf1 Qd1+ 36. Kg2 Qd5+ 37. Kf1 Nf3 38. Qc4 Nd2+ 0-1